000 00617nam a22001697a 4500
003 OSt
008 260624b |||||||| |||| 00| 0 eng d
020 _a9788170195924
082 _a632.96
_bS61B
245 _aBiological Control of Crop Diseases: Recent Advances and Perspectives; Vol. I. Horticultural Crops/ edited by Dinesh Singh...[et al.]
250 _a1st. ed.
260 _aDelhi :
_bToday & Tomorrow Printers and Publishers,
_c2018.
300 _a408 p.
650 _aAgriculture and related technologies | Technology (Applied sciences) | Biological control
700 _aSingh, Dinesh
942 _2ddc
_cBK
999 _c52252
_d52252